000 00910pam a2200241 4500
001 1732259
003 OSt
005 20210223095928.0
008 740221s1982 sp a gr s001 0 spa
020 _a9681813154
040 _aDLC
_cCO-JMCR
_dDLC
041 0 _aspa
082 0 4 _a658.562 /
_bV371c
_223
100 1 _aVaughn, Richard C.,
_eautor
_913795
245 1 0 _aQuality control /
_cRichard C. Vaughn.
250 _aPrimera edición
260 _aMéxico :
_bLimusa,
_c1982
300 _axiv, 233 páginas :
_bilustraciones y graficas en blanco y negro ;
_c23 cm.
520 0 _aEn esta obra se aborda el interesante tema de control de calidad y el autor lo realiza a base de combinar hábilmente el formato tradicional estadístico con investigaciones estadísticas recientes.
650 1 4 _aControl de calidad
_911331
650 1 4 _aResponsabilidad
_xControl de calidad
_913796
942 _2ddc
_cBK
999 _c7287
_d7287